PCR methods in foods

Αποθηκεύτηκε σε:
Λεπτομέρειες βιβλιογραφικής εγγραφής
Άλλοι συγγραφείς: Maurer, John (Επιμελητής έκδοσης)
Μορφή: Βιβλίο
Γλώσσα:English
Δημοσίευση: New York, NY : Springer, c2006
Σειρά:Food microbiology and food safety series
Θέματα:
Ετικέτες: Προσθήκη ετικέτας
Δεν υπάρχουν, Καταχωρήστε ετικέτα πρώτοι!

MARC

LEADER 00000nam a2200000 i 4500
001 1/48354
008 070717s2006 eng d
020 |a 978-0387-28264-0 
020 |a 0-387-28264-5 
035 |l 10088892 
040 |a GR-MY-UA  |b gre  |e aacr 
041 0 |a eng 
082 0 |a 664.001579  |2 (22) 
245 1 0 |a PCR methods in foods /  |c edited by John Maurer 
260 |a New York, NY :   |b Springer,   |c c2006 
300 |a vii, 148 σ.;  |b εικ.;  |c 24 εκ. 
490 1 |a Food microbiology and food safety series 
504 |a Περιέχει βιβλιογραφικές παραπομπές και ευρετήριο 
650 0 0 |a Food  |x Microbiology. 
650 0 0 |a Polymerase chain reaction  |x Diagnostic use. 
700 1 |a Maurer, John.  |4 edt 
830 0 |a Food microbiology and food safety series 
852 |a INST  |b LESVOS  |e 20070717  |h 664.001579 PCR  |p 005100041390  |q 005100041390  |t BK  |y 0 
901 |a BIBL1-2007-2 
909 |a Λ  |b 135728 
922 |a 1ΕΛΗ  |b 200706  |c ΕΠΕΑΕΚ2/ΤΕΘ  |d ΠΑΠΑΣΩΤΗΡΙΟΥ 
970 |a ΚΑΡΑ  |b ΓΙΑΣΕΜΗ  |z 2007/07/17